So you want to be an environmental performance assessor (Record no. 80137)

MARC details
000 -LEADER
fixed length control field 01129cab a22002295a 4500
001 - CONTROL NUMBER
control field L143319
008 - FIXED-LENGTH DATA ELEMENTS--GENERAL INFORMATION
fixed length control field 080424s2008 xxk af 000 0 eng d
035 ## - SYSTEM CONTROL NUMBER
System control number (Sirsi) u143319
041 0# - LANGUAGE CODE
Language code of text/sound track or separate title eng
100 1# - MAIN ENTRY--PERSONAL NAME
Personal name Arminas, David
245 00 - TITLE STATEMENT
Title So you want to be an environmental performance assessor
260 ## - PUBLICATION, DISTRIBUTION, ETC.
Date of publication, distribution, etc. 2008
490 #0 - SERIES STATEMENT
Series statement Building Services Journal
Volume/sequential designation 30(4) April 2008, 12-16(5)
520 ## - SUMMARY, ETC.
Summary, etc. Examines the process of assessing buildings for energy rating. Reports a lack of action by property owners, with many either unaware of the ratings requirement or having taken no action. Explains the difference between an EPC (Energy Performance Certificate) and a DEC (Display Energy Certificate). Outlines how the market is gearing up to the requirement for certificates and how to become an energy assessor.
590 ## - LOCAL NOTE (RLIN)
Local note KA
650 24 - SUBJECT ADDED ENTRY--TOPICAL TERM
Topical term or geographic name entry element RESIDENTIAL ENERGY PERFORMANCE CERTIFICATES
650 24 - SUBJECT ADDED ENTRY--TOPICAL TERM
Topical term or geographic name entry element COMMERCIAL ENERGY PERFORMANCE CERTIFICATES
650 24 - SUBJECT ADDED ENTRY--TOPICAL TERM
Topical term or geographic name entry element DISPLAY ENERGY CERTIFICATE
651 #4 - SUBJECT ADDED ENTRY--GEOGRAPHIC NAME
Geographic name England and Wales
Chronological subdivision 1543-
690 ## - LOCAL SUBJECT ADDED ENTRY--TOPICAL TERM (OCLC, RLIN)
Topical term or geographic name as entry element ENVIRONMENTAL AND LAND CONSULTANCY-ENERGY-ENERGY USE-ENERGY EFFICIENCY
942 ## - ADDED ENTRY ELEMENTS (KOHA)
Suppress in OPAC 0
Holdings
Withdrawn status Lost status Source of classification or shelving scheme Damaged status Not for loan Home library Current library Shelving location Date acquired Total Checkouts Full call number Barcode Date last seen Copy number Price effective from Koha item type
    Dewey Decimal Classification     London London Journal article 24/04/2008   L143319 143319-1001 06/08/2019 1 06/08/2019 Journal article